000 00290nam a2200109Ia 4500
008 200302s9999 xx 000 0 und d
100 _aHans Banz
245 _aBuilding Construction Details Practical Drawings
260 _bC B S Publishers & Distributors
260 _c1987
300 _a258 P.,
999 _c1046
_d1046